000 00639nab#a2200217#c#4500
999 _c122185
_d122185
003 IEF
005 20191210184833.0
008 950704s1975 uuu|| #####0 b| |u
040 _aIEF
_cES-MaIEF
100 1 _aKapp, Karl William
_923367
245 _aLa protección y crisis del medio ambiente
_beconomía y política
_c K. William Kapp
260 _c1975
500 _aConclusiones,Bibliografía
650 4 _aECOLOGIA
_942911
650 4 _aMEDIO AMBIENTE
_947492
650 4 _aPOLITICA DEL MEDIO AMBIENTE
_948056
773 0 _tHacienda Pública Española
_w34570
_g37, p. 203-209
942 _2udc
942 _2udc